000
002620000a22000970004500
100
1
_a
Nogalski, James D.
245
1
0
_a
The problematic suffixes of Amos 9:11
300
_a
Vol. 43, Num. 3 (Julio, 1993), Páginas 411-418
773
0
_t
Vetus Testamentum
942
_c
ANA
999
_c
57855
_d
57855